Crayons

Bibliographic Details
Main Author: Pluckrose, Henry
Format: Book
Published: London : Franklin Watts , 1987
Series:Fresh Start
Subjects:

MARC

LEADER 00000cam a2200000 7i4500
001 0000005521
002 000005970
005 20081217.0
020 |a 0863135765 
090 0 0 |a J 745.5   |b FRE 
100 1 |a Pluckrose, Henry 
245 1 0 |a Crayons   |c Henry Pluckrose 
260 |a London :   |b Franklin Watts ,   |c 1987 
300 |a 48p. :   |b ill. ;   |c 25cm. 
490 0 |a Fresh Start 
650 0 0 |a Crayons painting   |x Juvenile literature 
999 |a 027155   |b BUKU   |c PINJAMAN   |e PERPUSTAKAAN KOMUNITI PETALING JAYA